000
00310nam a2200121Ia 4500
008
191201s2006 xx 000 0 und d
100
_a
Shah, K K
245
0
_a
Introduction to Electromagnetics
260
_a
N.Delhi
_b
Dhanpat Rai Pubns (P) Ltd
_c
2006
300
_a
570
650
_a
B.Tech(ECE)
942
_2
ddc
_c
BK
999
_c
1072
_d
1072